1560 1605 1718 1892 1079 1891 1761 1804 1062 1699 1973 1726 1930 1783 1043 1478 1864 1533 1063 1434 1423 1127 1278 1126 1735 1445 1549 1481 1504 1941 1717 1150 1502 1161 1107 1710 1921 1715 1767 1538 1666 1208 1153 1694 1954 1205 1053 1250 1038 1122 1006 1677 1669 1124 1232 1938 1646 1113 1836 1457 1442 1459 1017 1051 1119 1203 1005 1053 1271 1109 1841 1401 1193 1287 1322 1818 1406 1259 1986 1480 1485 1231 1562 1164 1462 1336 1321 1791 1252 1543 1822 1339 1638 1651 1910 1728 1814 1885 1243 BCNSPRNW ULIB Ver.6.0+V

เปลี่ยนเป็นภาษาไทย

Change to English
 แสดงรายละเอียดบรรณานุกรม
  กลับหน้าหลัก

Brief Record : Get Marc (ISO 2709) : E-mail record : QR code < ปิดหน้าต่าง
LEADER : 00000nam 2200000uu 4500
001    13399129162
003     ULIB
008    260416s2567||||th 000 0 tha d
020    ^a9789740318576
050  4 ^aLB1025.3^bท521ศ
100 0  ^aทิศนา แขมมณี
245 10 ^aศาสตร์การสอน :^bองค์ความรู้เพื่อการจัดกระบวนการเรียนรู้ที่มีประสิทธิภาพ /^cทิศนา แขมมณี
250    ^aพิมพ์ครั้งที 27
260    ^aกรุงเทพฯ :^bสำนักพิมพ์แห่งจุฬาลงกรณ์มหาวิทยาลัย,^c2567
300    ^a(24), 512 หน้า :^bภาพประกอบ ;^c27 ซม.
650  4 ^aการเรียนรู้
650  4 ^aการเรียนรู้ (จิตวิทยา)
650  4 ^aการสอน
999    ^aประนอม เกษจรัล
รายการนี้ยังไม่มีแท็ก
คุณยังไม่ได้ล็อกอิน คุณสามารถมีกิจกรรมร่วมกับเว็บไซต์ได้ แต่ต้องล็อกอินก่อน ::
  ล็อกอิน

รายการสื่อสารสนเทศ

ลำดับที่ ประเภท เลขเรียก/บาร์โค้ด สถานที่ สถานะ
1. การศึกษาทั่วไป
หนังสือสำรอง
สถานะ=หนังสือสำรอง
LB1025.3 ท521ศ ฉ.1 
  Barcode: 011938
ห้องสมุดวิทยาเขตสวรรค์ประชารักษ์
►หนังสือทั่วไป
บนชั้น
*เพิ่งรับคืน
2. การศึกษาทั่วไป
การศึกษาทั่วไป
LB1025.3 ท521ศ ฉ.2 
  Barcode: 011939
ห้องสมุดวิทยาเขตสวรรค์ประชารักษ์
►หนังสือทั่วไป
บนชั้น
*เพิ่งรับคืน
3. การศึกษาทั่วไป
การศึกษาทั่วไป
LB1025.3 ท521ศ ฉ.3 
  Barcode: 011940
ห้องสมุดวิทยาเขตสวรรค์ประชารักษ์
►หนังสือทั่วไป
บนชั้น
*เพิ่งรับคืน
4. การศึกษาทั่วไป
การศึกษาทั่วไป
LB1025.3 ท521ศ ฉ.4 
  Barcode: 011941
ห้องสมุดวิทยาเขตสวรรค์ประชารักษ์
►หนังสือทั่วไป
ถูกยืม กำหนดส่งวันที่ 31 พฤษภาคม 2569
  จอง
*เพิ่งรับคืน

รายการใกล้เคียง
    ผู้แต่ง [ทิศนา แขมมณี]

    หัวเรื่อง [การเรียนรู้]
    หัวเรื่อง [การเรียนรู้ (จิตวิทยา)]
    หัวเรื่อง [การสอน]

BibComment


ยังไม่เคยถูกคอมเมนท์

คอมเมนท์ทรัพยากรรายการนี้
  คอมเมนท์: ศาสตร์การสอน อง..


 Copyright 2026. Bcnsprnw @Library